| 000 | 00771nam a22002177a 4500 | ||
|---|---|---|---|
| 005 | 20180831113458.0 | ||
| 010 | _aENG-123943 | ||
| 020 |
_a9780199478866 _c1395.00 |
||
| 035 | _aEN-107475 | ||
| 037 | _bDBAD/PUB | ||
| 082 | _a820.9 | ||
| 245 |
_aText and tradition in early modern north india / _ced..by Tyler Williams; Anshu Malhotra [and] John Stratton Hawley |
||
| 260 |
_c2018 _aNew Delhi _bOxford University Press |
||
| 270 |
_a2/11, Ground Floor, Ansari Road, Daryaganj, _bNew Delhi _e110002 |
||
| 300 |
_c22cm(Hb) _axlii,448p. |
||
| 500 | _aIt includes about the editors & contributors and index | ||
| 700 | _a Williams, Tyler | ||
| 700 | _a Malhotra, Anshu | ||
| 700 | _a Hawley, John Stratton | ||
| 942 |
_cEN _2ddc _h345.540231 _mTEX |
||
| 999 |
_c156748 _d156748 |
||